<?xml version="1.0" encoding="UTF-8"?>
<record
    xmlns:xsi="http://www.w3.org/2001/XMLSchema-instance"
    xsi:schemaLocation="http://www.loc.gov/MARC21/slim http://www.loc.gov/standards/marcxml/schema/MARC21slim.xsd"
    xmlns="http://www.loc.gov/MARC21/slim">

  <leader>00567nmm a22001697a 4500</leader>
  <controlfield tag="005">20131218115139.0</controlfield>
  <controlfield tag="008">131218b2010    ck ||||| |||| 00| 0 spa d</controlfield>
  <datafield tag="041" ind1=" " ind2=" ">
    <subfield code="a">spa</subfield>
  </datafield>
  <datafield tag="044" ind1=" " ind2=" ">
    <subfield code="a">ck</subfield>
  </datafield>
  <datafield tag="090" ind1=" " ind2=" ">
    <subfield code="a">LB</subfield>
    <subfield code="b">05880</subfield>
  </datafield>
  <datafield tag="100" ind1=" " ind2=" ">
    <subfield code="a">Calder&#xF3;n-S&#xE1;enz, Eduardo</subfield>
    <subfield code="9">3427</subfield>
  </datafield>
  <datafield tag="245" ind1=" " ind2=" ">
    <subfield code="a">Escarpe :</subfield>
    <subfield code="b">productores de agua</subfield>
  </datafield>
  <datafield tag="260" ind1=" " ind2=" ">
    <subfield code="a">s.l.</subfield>
    <subfield code="b">Asociaci&#xF3;n Colombiana de Reservas Naturales de la Sociedad Civil</subfield>
    <subfield code="b">Reserva Natural Miralejos</subfield>
    <subfield code="c">2010</subfield>
  </datafield>
  <datafield tag="300" ind1=" " ind2=" ">
    <subfield code="a">154 p.,</subfield>
    <subfield code="b">il., (col), im&#xE1;genes, </subfield>
    <subfield code="c">13 cm</subfield>
  </datafield>
  <datafield tag="700" ind1=" " ind2=" ">
    <subfield code="a">Mapa Mar&#xED;a Clara-Mantilla, Dise&#xF1;o Lucy Silva</subfield>
    <subfield code="9">3428</subfield>
  </datafield>
  <datafield tag="942" ind1=" " ind2=" ">
    <subfield code="2">z</subfield>
    <subfield code="c">CD-ROM</subfield>
  </datafield>
  <datafield tag="999" ind1=" " ind2=" ">
    <subfield code="c">8083</subfield>
    <subfield code="d">8083</subfield>
  </datafield>
  <datafield tag="952" ind1=" " ind2=" ">
    <subfield code="0">0</subfield>
    <subfield code="1">0</subfield>
    <subfield code="2">z</subfield>
    <subfield code="4">0</subfield>
    <subfield code="7">0</subfield>
    <subfield code="8">MEDIOSM</subfield>
    <subfield code="a">Bogota</subfield>
    <subfield code="b">Bogota</subfield>
    <subfield code="d">2013-12-18</subfield>
    <subfield code="l">0</subfield>
    <subfield code="o">LB-05880</subfield>
    <subfield code="p">058555</subfield>
    <subfield code="r">2013-12-18 00:00:00</subfield>
    <subfield code="t">Ej. 1</subfield>
    <subfield code="w">2013-12-18</subfield>
    <subfield code="x">Original</subfield>
    <subfield code="y">CD-ROM</subfield>
  </datafield>
  <datafield tag="952" ind1=" " ind2=" ">
    <subfield code="0">0</subfield>
    <subfield code="1">0</subfield>
    <subfield code="2">z</subfield>
    <subfield code="4">0</subfield>
    <subfield code="7">0</subfield>
    <subfield code="8">MEDIOSM</subfield>
    <subfield code="a">Bogota</subfield>
    <subfield code="b">Bogota</subfield>
    <subfield code="d">2013-12-18</subfield>
    <subfield code="l">0</subfield>
    <subfield code="o">LB-05880</subfield>
    <subfield code="p">058565</subfield>
    <subfield code="r">2013-12-18 00:00:00</subfield>
    <subfield code="t">Ej. 2</subfield>
    <subfield code="w">2013-12-18</subfield>
    <subfield code="x">Original</subfield>
    <subfield code="y">CD-ROM</subfield>
  </datafield>
  <datafield tag="952" ind1=" " ind2=" ">
    <subfield code="0">0</subfield>
    <subfield code="1">0</subfield>
    <subfield code="2">z</subfield>
    <subfield code="4">0</subfield>
    <subfield code="7">0</subfield>
    <subfield code="8">MEDIOSM</subfield>
    <subfield code="a">Bogota</subfield>
    <subfield code="b">Bogota</subfield>
    <subfield code="d">2013-12-18</subfield>
    <subfield code="l">0</subfield>
    <subfield code="o">LB-05880</subfield>
    <subfield code="p">058716</subfield>
    <subfield code="r">2013-12-18 00:00:00</subfield>
    <subfield code="t">Ej. 3</subfield>
    <subfield code="w">2013-12-18</subfield>
    <subfield code="x">Original</subfield>
    <subfield code="y">CD-ROM</subfield>
    <subfield code="z">Video</subfield>
  </datafield>
</record>
